000 01770nam0a2200385 4500
001 RU\NLR\BIBL_A\012843084
005 20220920145333.0
010 _a978-5-00140-968-7
_920
021 _aRU
_bКН-П-22-025822
_9КН-П-22-2216
035 _a(NLR Aleph) 012843084
035 _a(RuMoRGB)011052426
090 _a12402254
_c12402254
100 _a20220707d2022 m y0rusy50 ca
101 0 _arus
102 _aRU
105 _aach z 000aa
181 0 _ai3
_baxxe
182 0 _an
200 1 _aПуть в психиатрию
_eосновано на реальных событиях
_fИван Мельников
_g[иллюстрации: Люба Петрова]
203 _aТекст
_bвизуальный
_cнепосредственный
210 _aСанкт-Петербург
_c[б. и.]
_aСаратов
_cАмирит
_d2022
215 _a203 с.
_cцв. ил., портр., факс.
_d22
225 1 _aДокументальная проза
300 _aВ кн. содерж. нецензурная лексика
330 _aКнига рассказывает о драматической судьбе подростка, которого жизнь ломала и испытывала, в результате эта дорога на 18 лет привела главного героя в стены психиатрической больницы
333 _a18+
675 _a821.161.1-31
_v4
686 2 _aШ6(2=Р)8-440.4
700 1 _aМельников
_bИ. В.
_f1988-
_gИван Владимирович
702 1 _aПетрова
_bЛ.
_gЛюба
_4040
942 _cBOOK
980 _aNB